[Event "Elite Hotels Open 2025"]
[Site "Elite Stadshotellet, Växjö, Sweden"]
[Date "2025.02.09"]
[Round "7.13"]
[White "Arman, Deniz"]
[Black "Ekberg, Karl"]
[Result "1-0"]
[TimeControl "R1-4: 15 min + 5 sek, R5-8: 90 min + 30 sek"]
[WhiteTitle "FM"]
[WhiteElo "2350"]
[BlackElo "1965"]

1. e4 {[%clk 01:30:35]} {[%emt 00:00:18]} c5 {[%clk 01:30:54]} {[%emt
00:00:10]} 2. Nf3 {[%clk 01:30:30]} {[%emt 00:00:36]} Nc6 {[%clk 01:31:04]}
{[%emt 00:00:20]} 3. Nc3 {[%clk 01:30:11]} {[%emt 00:00:49]} e6 {[%clk
01:30:08]} {[%emt 00:01:25]} 4. d4 {[%clk 01:23:09]} {[%emt 00:07:32]} cxd4
{[%clk 01:30:31]} {[%emt 00:00:08]} 5. Nxd4 {[%clk 01:23:35]} {[%emt 00:00:05]}
Qc7 {[%clk 01:30:53]} {[%emt 00:00:07]} 6. f4 {[%clk 01:08:21]} {[%emt
00:15:44]} Nxd4 {[%clk 01:19:57]} {[%emt 00:11:26]} 7. Qxd4 {[%clk 01:08:07]}
{[%emt 00:00:44]} a6 {[%clk 01:20:22]} {[%emt 00:00:05]} 8. g4 {[%clk
00:48:22]} {[%emt 00:20:14]} Ne7 {[%clk 01:12:41]} {[%emt 00:08:11]} 9. Bd2
{[%clk 00:42:57]} {[%emt 00:05:56]} Nc6 {[%clk 01:05:57]} {[%emt 00:07:14]} 10.
Qf2 {[%clk 00:37:30]} {[%emt 00:05:57]} b5 {[%clk 01:04:31]} {[%emt 00:01:56]}
11. e5 {[%clk 00:30:08]} {[%emt 00:07:52]} Bb7 {[%clk 00:58:56]} {[%emt
00:06:05]} 12. Bg2 {[%clk 00:30:27]} {[%emt 00:00:11]} Rc8 {[%clk 00:58:05]}
{[%emt 00:01:21]} 13. Be3 {[%clk 00:26:59]} {[%emt 00:03:58]} Nb4 {[%clk
00:49:08]} {[%emt 00:09:25]} 14. O-O-O {[%clk 00:15:05]} {[%emt 00:12:26]} Bxg2
{[%clk 00:37:42]} {[%emt 00:11:56]} 15. Qxg2 {[%clk 00:15:31]} {[%emt
00:00:04]} Bc5 {[%clk 00:38:00]} {[%emt 00:00:13]} 16. Bxc5 {[%clk 00:12:40]}
{[%emt 00:03:20]} Qxc5 {[%clk 00:38:24]} {[%emt 00:00:06]} 17. Kb1 {[%clk
00:12:43]} {[%emt 00:00:27]} O-O {[%clk 00:26:07]} {[%emt 00:12:47]} 18. a3
{[%clk 00:06:56]} {[%emt 00:06:17]} a5 {[%clk 00:13:52]} {[%emt 00:12:45]} 19.
Rd2 {[%clk 00:05:32]} {[%emt 00:01:55]} Nc6 {[%clk 00:09:23]} {[%emt 00:04:58]}
20. Ne4 {[%clk 00:03:58]} {[%emt 00:02:03]} Qe3 {[%clk 00:08:55]} {[%emt
00:00:58]} 21. Nd6 {[%clk 00:02:09]} {[%emt 00:02:19]} Rb8 {[%clk 00:08:12]}
{[%emt 00:01:15]} 22. Rf1 {[%clk 00:02:21]} {[%emt 00:00:17]} a4 {[%clk
00:07:58]} {[%emt 00:00:44]} 23. Rd3 {[%clk 00:01:41]} {[%emt 00:01:10]} Qc5
{[%clk 00:07:34]} {[%emt 00:00:53]} 24. Ne4 {[%clk 00:01:40]} {[%emt 00:00:32]}
Qc4 {[%clk 00:04:32]} {[%emt 00:03:32]} 25. Rc3 {[%clk 00:01:16]} {[%emt
00:00:54]} Qd4 {[%clk 00:04:56]} {[%emt 00:00:06]} 26. Rd3 {[%clk 00:01:39]}
{[%emt 00:00:07]} Qc4 {[%clk 00:04:39]} {[%emt 00:00:47]} 27. Nd6 {[%clk
00:02:03]} {[%emt 00:00:05]} Qc5 {[%clk 00:04:52]} {[%emt 00:00:18]} 28. c3
{[%clk 00:02:29]} {[%emt 00:00:04]} Na5 {[%clk 00:04:39]} {[%emt 00:00:42]} 29.
Qc2 {[%clk 00:01:39]} {[%emt 00:01:21]} h6 {[%clk 00:00:48]} {[%emt 00:04:22]}
30. g5 {[%clk 00:00:57]} {[%emt 00:01:11]} h5 {[%clk 00:00:50]} {[%emt
00:00:28]} 31. Ne4 {[%clk 00:01:24]} {[%emt 00:00:03]} Qb6 {[%clk 00:00:48]}
{[%emt 00:00:33]} 32. Nf6+ {[%clk 00:01:24]} {[%emt 00:00:30]} gxf6 {[%clk
00:00:40]} {[%emt 00:00:37]} 33. gxf6 {[%clk 00:01:50]} {[%emt 00:00:04]} b4
{[%clk 00:00:35]} {[%emt 00:00:35]} 34. Qg2+ {[%clk 00:02:13]} {[%emt
00:00:07]} Kh8 {[%clk 00:00:57]} {[%emt 00:00:09]} 35. Qg7# {[%emt 00:00:04]}
1-0

[Event "Elite Hotels Open 2025"]
[Site "Elite Stadshotellet, Växjö, Sweden"]
[Date "2025.02.09"]
[Round "7.14"]
[White "Lyngsjo, Hakan"]
[Black "Grahn, Vidar"]
[Result "0-1"]
[TimeControl "R1-4: 15 min + 5 sek, R5-8: 90 min + 30 sek"]
[BlackTitle "FM"]
[WhiteElo "1999"]
[BlackElo "2252"]

1. e4 {[%clk 01:30:57]} {[%emt 00:00:03]} e5 {[%clk 01:30:00]} {[%emt
00:01:01]} 2. Nf3 {[%clk 01:31:20]} {[%emt 00:00:06]} Nc6 {[%clk 01:30:26]}
{[%emt 00:00:05]} 3. Bc4 {[%clk 01:31:45]} {[%emt 00:00:04]} Nf6 {[%clk
01:30:47]} {[%emt 00:00:08]} 4. d3 {[%clk 01:32:10]} {[%emt 00:00:06]} Bc5
{[%clk 01:31:11]} {[%emt 00:00:07]} 5. c3 {[%clk 01:32:05]} {[%emt 00:00:35]}
O-O {[%clk 01:31:35]} {[%emt 00:00:05]} 6. b4 {[%clk 01:28:31]} {[%emt
00:04:03]} Be7 {[%clk 01:28:11]} {[%emt 00:03:55]} 7. O-O {[%clk 01:26:59]}
{[%emt 00:02:03]} d5 {[%clk 01:25:35]} {[%emt 00:03:05]} 8. exd5 {[%clk
01:23:16]} {[%emt 00:04:13]} Nxd5 {[%clk 01:26:00]} {[%emt 00:00:05]} 9. Re1
{[%clk 01:22:16]} {[%emt 00:01:29]} Bg4 {[%clk 01:19:22]} {[%emt 00:07:08]} 10.
h3 {[%clk 01:20:05]} {[%emt 00:02:42]} Bh5 {[%clk 01:18:19]} {[%emt 00:01:32]}
11. g4 {[%clk 00:59:37]} {[%emt 00:20:59]} Bg6 {[%clk 01:18:40]} {[%emt
00:00:10]} 12. Nxe5 {[%clk 00:59:32]} {[%emt 00:00:34]} Nxe5 {[%clk 01:18:06]}
{[%emt 00:01:05]} 13. Rxe5 {[%clk 00:59:56]} {[%emt 00:00:05]} Nb6 {[%clk
01:16:46]} {[%emt 00:01:50]} 14. Qf3 {[%clk 00:47:42]} {[%emt 00:12:44]} Bd6
{[%clk 01:13:59]} {[%emt 00:03:16]} 15. Re1 {[%clk 00:42:26]} {[%emt 00:05:47]}
Kh8 {[%clk 01:08:30]} {[%emt 00:05:59]} 16. Na3 {[%clk 00:31:13]} {[%emt
00:11:43]} f5 {[%clk 01:03:50]} {[%emt 00:05:10]} 17. g5 {[%clk 00:30:14]}
{[%emt 00:01:29]} f4 {[%clk 01:01:58]} {[%emt 00:02:23]} 18. h4 {[%clk
00:30:29]} {[%emt 00:00:13]} c6 {[%clk 00:59:45]} {[%emt 00:02:44]} 19. Be6
{[%clk 00:25:51]} {[%emt 00:05:08]} Bc7 {[%clk 00:49:06]} {[%emt 00:11:09]} 20.
Bb2 {[%clk 00:17:27]} {[%emt 00:08:54]} Na4 {[%clk 00:47:35]} {[%emt 00:02:01]}
21. Nc4 {[%clk 00:15:20]} {[%emt 00:02:37]} b5 {[%clk 00:46:48]} {[%emt
00:01:17]} 22. Qxc6 {[%clk 00:07:51]} {[%emt 00:08:00]} Be8 {[%clk 00:47:08]}
{[%emt 00:00:09]} 23. Qa6 {[%clk 00:07:57]} {[%emt 00:00:24]} bxc4 {[%clk
00:47:08]} {[%emt 00:00:30]} 24. Ba3 {[%clk 00:08:22]} {[%emt 00:00:06]} Nxc3
{[%clk 00:42:37]} {[%emt 00:05:01]} 25. Qxc4 {[%clk 00:07:58]} {[%emt
00:00:53]} Qd6 {[%clk 00:39:06]} {[%emt 00:04:01]} 26. f3 {[%clk 00:07:08]}
{[%emt 00:01:20]} Bb6+ {[%clk 00:38:56]} {[%emt 00:00:40]} 27. Kg2 {[%clk
00:07:12]} {[%emt 00:00:27]} Nb5 {[%clk 00:38:58]} {[%emt 00:00:27]} 28. Bb2
{[%clk 00:07:30]} {[%emt 00:00:12]} Bd4 {[%clk 00:39:16]} {[%emt 00:00:11]} 29.
Bxd4 {[%clk 00:05:34]} {[%emt 00:02:26]} Nxd4 {[%clk 00:38:38]} {[%emt
00:01:09]} 30. Re4 {[%clk 00:04:24]} {[%emt 00:01:41]} Rd8 {[%clk 00:38:29]}
{[%emt 00:00:38]} 31. Rae1 {[%clk 00:04:07]} {[%emt 00:00:47]} Bh5 {[%clk
00:38:31]} {[%emt 00:00:27]} 32. Bg4 {[%clk 00:03:40]} {[%emt 00:00:58]} Bxg4
{[%clk 00:38:50]} {[%emt 00:00:11]} 33. fxg4 {[%clk 00:04:07]} {[%emt
00:00:03]} f3+ {[%clk 00:39:13]} {[%emt 00:00:08]} 34. Kh3 {[%clk 00:03:56]}
{[%emt 00:00:40]} f2 {[%clk 00:39:37]} {[%emt 00:00:06]} 0-1

[Event "Elite Hotels Open 2025"]
[Site "Elite Stadshotellet, Växjö, Sweden"]
[Date "2025.02.09"]
[Round "7.15"]
[White "Gajic, Mladen"]
[Black "Tops, Jonatan"]
[Result "0-1"]
[TimeControl "R1-4: 15 min + 5 sek, R5-8: 90 min + 30 sek"]
[WhiteTitle "FM"]
[WhiteElo "2251"]
[BlackElo "2020"]

1. d4 {[%clk 01:30:47]} {[%emt 00:00:12]} Nf6 {[%clk 01:15:07]} {[%emt
00:15:54]} 2. Nf3 {[%clk 01:21:14]} {[%emt 00:10:03]} c5 {[%clk 01:14:37]}
{[%emt 00:00:59]} 3. c3 {[%clk 01:21:19]} {[%emt 00:00:25]} g6 {[%clk
01:13:16]} {[%emt 00:01:52]} 4. e3 {[%clk 01:18:36]} {[%emt 00:03:13]} cxd4
{[%clk 01:13:37]} {[%emt 00:00:39]} 5. exd4 {[%clk 01:19:01]} {[%emt 00:00:34]}
Bg7 {[%clk 01:10:47]} {[%emt 00:03:21]} 6. Bd3 {[%clk 01:18:03]} {[%emt
00:01:27]} O-O {[%clk 01:09:53]} {[%emt 00:01:25]} 7. O-O {[%clk 01:18:29]}
{[%emt 00:00:03]} d6 {[%clk 01:05:05]} {[%emt 00:05:19]} 8. h3 {[%clk
01:14:45]} {[%emt 00:04:13]} a6 {[%clk 01:00:47]} {[%emt 00:04:50]} 9. Re1
{[%clk 01:11:13]} {[%emt 00:04:01]} Nbd7 {[%clk 00:55:30]} {[%emt 00:05:47]} 10.
a4 {[%clk 00:59:54]} {[%emt 00:11:48]} Re8 {[%clk 00:55:05]} {[%emt 00:00:56]}
11. Bg5 {[%clk 00:59:19]} {[%emt 00:01:04]} b6 {[%clk 00:52:00]} {[%emt
00:03:35]} 12. Nbd2 {[%clk 00:56:46]} {[%emt 00:03:03]} Bb7 {[%clk 00:52:18]}
{[%emt 00:00:13]} 13. Qb3 {[%clk 00:56:16]} {[%emt 00:00:58]} Qc7 {[%clk
00:51:51]} {[%emt 00:00:59]} 14. Bc4 {[%clk 00:45:36]} {[%emt 00:11:08]} e6
{[%clk 00:50:19]} {[%emt 00:02:04]} 15. Bf4 {[%clk 00:43:36]} {[%emt 00:02:29]}
Rac8 {[%clk 00:42:34]} {[%emt 00:08:15]} 16. Bh2 {[%clk 00:40:06]} {[%emt
00:04:00]} Bxf3 {[%clk 00:34:28]} {[%emt 00:08:36]} 17. gxf3 {[%clk 00:39:43]}
{[%emt 00:00:53]} Nb8 {[%clk 00:32:26]} {[%emt 00:02:32]} 18. Bf1 {[%clk
00:39:26]} {[%emt 00:00:47]} Bf8 {[%clk 00:25:57]} {[%emt 00:07:00]} 19. Nc4
{[%clk 00:28:03]} {[%emt 00:11:53]} Nbd7 {[%clk 00:26:21]} {[%emt 00:00:06]} 20.
Qb4 {[%clk 00:20:40]} {[%emt 00:07:52]} e5 {[%clk 00:20:27]} {[%emt 00:06:25]}
21. Qb3 {[%clk 00:19:28]} {[%emt 00:01:41]} Qc6 {[%clk 00:19:08]} {[%emt
00:01:50]} 22. dxe5 {[%clk 00:16:50]} {[%emt 00:03:08]} dxe5 {[%clk 00:19:00]}
{[%emt 00:00:38]} 23. Nxe5 {[%clk 00:15:02]} {[%emt 00:02:17]} Nxe5 {[%clk
00:18:29]} {[%emt 00:01:02]} 24. Bxe5 {[%clk 00:12:17]} {[%emt 00:03:14]} Qxf3
{[%clk 00:18:35]} {[%emt 00:00:24]} 25. Qd1 {[%clk 00:12:00]} {[%emt 00:00:47]}
Qf5 {[%clk 00:18:07]} {[%emt 00:00:59]} 26. Bd4 {[%clk 00:02:54]} {[%emt
00:09:35]} Rxe1 {[%clk 00:17:09]} {[%emt 00:01:28]} 27. Qxe1 {[%clk 00:03:23]}
Bd6 {[%clk 00:17:21]} {[%emt 00:00:18]} 28. Bg2 {[%clk 00:03:12]} {[%emt
00:00:41]} Re8 {[%clk 00:15:14]} {[%emt 00:02:37]} 29. Qd1 {[%clk 00:03:35]}
{[%emt 00:00:03]} Qf4 {[%clk 00:11:40]} {[%emt 00:04:09]} 30. Qf3 {[%clk
00:03:49]} {[%emt 00:00:16]} Qh2+ {[%clk 00:10:42]} {[%emt 00:01:28]} 31. Kf1
{[%clk 00:04:18]} Ne4 {[%clk 00:10:37]} {[%emt 00:00:35]} 32. Qd3 {[%clk
00:04:11]} {[%emt 00:00:36]} Nc5 {[%clk 00:09:08]} {[%emt 00:02:01]} 33. Qc2
{[%clk 00:03:32]} {[%emt 00:01:07]} Ne6 {[%clk 00:08:15]} {[%emt 00:01:24]} 34.
Re1 {[%clk 00:03:42]} {[%emt 00:00:21]} Rc8 {[%clk 00:08:10]} {[%emt 00:00:35]}
35. Bxb6 {[%clk 00:02:11]} {[%emt 00:02:00]} Nf4 {[%clk 00:08:32]} {[%emt
00:00:09]} 36. Qe4 {[%clk 00:02:29]} {[%emt 00:00:11]} Nxh3 {[%clk 00:08:15]}
{[%emt 00:00:48]} 37. Be3 {[%clk 00:00:57]} {[%emt 00:02:01]} Nf4 {[%clk
00:07:20]} {[%emt 00:01:25]} 38. a5 {[%clk 00:01:14]} {[%emt 00:00:14]} Nxg2
{[%clk 00:05:52]} {[%emt 00:01:58]} 39. Qxg2 {[%clk 00:01:42]} {[%emt
00:00:02]} Qh5 {[%clk 00:06:20]} {[%emt 00:00:02]} 40. Bb6 {[%clk 00:00:39]}
{[%emt 00:01:33]} Qb5+ {[%clk 00:05:58]} {[%emt 00:00:51]} 41. Kg1 {[%clk
00:01:03]} {[%emt 00:00:06]} Bc5 {[%clk 00:06:10]} {[%emt 00:00:19]} 42. Qb7
{[%clk 00:00:52]} {[%emt 00:00:39]} Rd8 {[%clk 00:04:51]} {[%emt 00:01:51]} 43.
Re5 {[%clk 00:00:33]} {[%emt 00:00:49]} Rd1+ {[%clk 00:03:31]} {[%emt
00:01:50]} 44. Kg2 {[%clk 00:00:00]} {[%emt 00:00:33]} 0-1

[Event "Elite Hotels Open 2025"]
[Site "Elite Stadshotellet, Växjö, Sweden"]
[Date "2025.02.09"]
[Round "7.16"]
[White "KHASCHULUU, Sergelenbaatar"]
[Black "Reid, Gregor J M"]
[Result "0-1"]
[TimeControl "R1-4: 15 min + 5 sek, R5-8: 90 min + 30 sek"]
[WhiteElo "1975"]
[BlackElo "2237"]

1. e4 {[%clk 01:26:26]} {[%emt 00:00:53]} g6 {[%clk 01:30:47]} {[%emt
00:00:32]} 2. d4 {[%clk 01:26:49]} {[%emt 00:00:07]} d6 {[%clk 01:31:12]}
{[%emt 00:00:06]} 3. Nc3 {[%clk 01:27:07]} {[%emt 00:00:11]} Bg7 {[%clk
01:31:35]} {[%emt 00:00:06]} 4. Be3 {[%clk 01:27:26]} {[%emt 00:00:11]} a6
{[%clk 01:31:31]} {[%emt 00:00:35]} 5. Qd2 {[%clk 01:27:40]} {[%emt 00:00:16]}
Nd7 {[%clk 01:31:36]} {[%emt 00:00:25]} 6. O-O-O {[%clk 01:27:35]} {[%emt
00:00:35]} b5 {[%clk 01:31:49]} {[%emt 00:00:17]} 7. f3 {[%clk 01:21:22]}
{[%emt 00:06:43]} Bb7 {[%clk 01:30:36]} {[%emt 00:01:43]} 8. g4 {[%clk
01:21:29]} {[%emt 00:00:23]} c5 {[%clk 01:27:58]} {[%emt 00:03:08]} 9. h4
{[%clk 01:14:50]} {[%emt 00:07:09]} h6 {[%clk 01:23:37]} {[%emt 00:04:51]} 10.
dxc5 {[%clk 00:44:20]} {[%emt 00:31:00]} dxc5 {[%clk 01:21:38]} {[%emt
00:02:28]} 11. Nxb5 {[%clk 00:44:44]} {[%emt 00:00:08]} axb5 {[%clk 01:19:56]}
{[%emt 00:02:10]} 12. Bxb5 {[%clk 00:44:16]} {[%emt 00:00:59]} Ngf6 {[%clk
01:15:25]} {[%emt 00:05:00]} 13. g5 {[%clk 00:32:25]} {[%emt 00:12:22]} Rxa2
{[%clk 01:11:40]} {[%emt 00:04:15]} 14. c4 {[%clk 00:12:16]} {[%emt 00:20:39]}
Ra1+ {[%clk 01:09:56]} {[%emt 00:02:15]} 15. Kc2 {[%clk 00:12:39]} {[%emt
00:00:07]} Rxd1 {[%clk 01:10:17]} {[%emt 00:00:08]} 16. Qxd1 {[%clk 00:13:02]}
{[%emt 00:00:05]} Nxe4 {[%clk 01:08:48]} {[%emt 00:02:01]} 17. Rh2 {[%clk
00:05:01]} {[%emt 00:08:30]} Nd6 {[%clk 01:08:18]} {[%emt 00:01:01]} 18. Rd2
{[%clk 00:05:23]} {[%emt 00:00:08]} O-O {[%clk 01:05:13]} {[%emt 00:03:35]} 19.
gxh6 {[%clk 00:05:45]} {[%emt 00:00:09]} Bf6 {[%clk 01:04:56]} {[%emt
00:00:46]} 20. h5 {[%clk 00:03:50]} {[%emt 00:02:25]} Nf5 {[%clk 00:59:45]}
{[%emt 00:05:40]} 21. Bf2 {[%clk 00:00:46]} {[%emt 00:03:35]} Bd4 {[%clk
00:58:54]} {[%emt 00:01:21]} 22. Bxd4 {[%clk 00:00:32]} {[%emt 00:00:45]} Nxd4+
{[%clk 00:58:27]} {[%emt 00:00:56]} 23. Kb1 {[%clk 00:00:50]} {[%emt 00:00:13]}
Nf6 {[%clk 00:57:02]} {[%emt 00:01:54]} 24. hxg6 {[%clk 00:00:41]} {[%emt
00:00:39]} fxg6 {[%clk 00:57:11]} {[%emt 00:00:21]} 25. Rg2 {[%clk 00:00:40]}
{[%emt 00:00:30]} Kh7 {[%clk 00:57:09]} {[%emt 00:00:31]} 26. Ba4 {[%clk
00:00:31]} {[%emt 00:00:40]} Bc8 {[%clk 00:51:56]} {[%emt 00:05:43]} 27. f4
{[%clk 00:00:34]} {[%emt 00:00:28]} Bf5+ {[%clk 00:52:02]} {[%emt 00:00:23]} 28.
Ka2 {[%clk 00:00:54]} {[%emt 00:00:11]} Qa8 {[%clk 00:52:07]} {[%emt 00:00:24]}
0-1

[Event "Elite Hotels Open 2025"]
[Site "Elite Stadshotellet, Växjö, Sweden"]
[Date "2025.02.09"]
[Round "7.17"]
[White "Muntean, Victor"]
[Black "Karlsson, Jorgen"]
[Result "0-1"]
[TimeControl "R1-4: 15 min + 5 sek, R5-8: 90 min + 30 sek"]
[WhiteElo "2165"]
[BlackElo "2013"]

1. e4 {[%clk 01:30:58]} {[%emt 00:00:01]} d6 {[%clk 01:30:56]} {[%emt
00:00:05]} 2. d4 {[%clk 01:31:22]} {[%emt 00:00:05]} Nd7 {[%clk 01:31:22]}
{[%emt 00:00:04]} 3. Nc3 {[%clk 01:29:46]} {[%emt 00:02:05]} e6 {[%clk
01:31:48]} {[%emt 00:00:06]} 4. Be3 {[%clk 01:29:16]} {[%emt 00:01:00]} Ne7
{[%clk 01:32:12]} {[%emt 00:00:06]} 5. h4 {[%clk 01:25:23]} {[%emt 00:04:23]}
a6 {[%clk 01:30:40]} {[%emt 00:02:02]} 6. g4 {[%clk 01:22:50]} {[%emt
00:03:03]} b5 {[%clk 01:30:21]} {[%emt 00:00:48]} 7. Bg2 {[%clk 01:22:30]}
{[%emt 00:00:50]} Bb7 {[%clk 01:30:31]} {[%emt 00:00:20]} 8. Nh3 {[%clk
01:16:58]} {[%emt 00:06:02]} c5 {[%clk 01:27:52]} {[%emt 00:03:09]} 9. d5
{[%clk 01:14:18]} {[%emt 00:03:10]} e5 {[%clk 01:20:29]} {[%emt 00:07:54]} 10.
h5 {[%clk 01:02:26]} {[%emt 00:12:21]} Nc8 {[%clk 01:17:44]} {[%emt 00:03:15]}
11. Qf3 {[%clk 00:53:04]} {[%emt 00:09:53]} Ncb6 {[%clk 01:13:17]} {[%emt
00:04:57]} 12. g5 {[%clk 00:45:53]} {[%emt 00:07:40]} g6 {[%clk 01:06:43]}
{[%emt 00:07:04]} 13. b3 {[%clk 00:35:56]} {[%emt 00:10:27]} b4 {[%clk
01:04:25]} {[%emt 00:02:48]} 14. Nd1 {[%clk 00:34:35]} {[%emt 00:01:52]} a5
{[%clk 01:04:21]} {[%emt 00:00:34]} 15. Nb2 {[%clk 00:34:18]} {[%emt 00:00:47]}
a4 {[%clk 01:04:22]} {[%emt 00:00:28]} 16. Bf1 {[%clk 00:33:13]} {[%emt
00:01:35]} axb3 {[%clk 01:04:05]} {[%emt 00:00:48]} 17. cxb3 {[%clk 00:33:40]}
{[%emt 00:00:03]} Ba6 {[%clk 01:04:07]} {[%emt 00:00:28]} 18. Bxa6 {[%clk
00:31:21]} {[%emt 00:02:48]} Rxa6 {[%clk 01:04:31]} {[%emt 00:00:06]} 19. Qe2
{[%clk 00:30:20]} {[%emt 00:01:31]} Qa8 {[%clk 01:04:27]} {[%emt 00:00:34]} 20.
Nd3 {[%clk 00:29:42]} {[%emt 00:01:08]} Ra3 {[%clk 01:00:13]} {[%emt 00:04:44]}
21. O-O {[%clk 00:29:03]} {[%emt 00:01:09]} Qa6 {[%clk 00:59:10]} {[%emt
00:01:33]} 22. h6 {[%clk 00:26:24]} {[%emt 00:03:08]} Be7 {[%clk 00:49:37]}
{[%emt 00:10:04]} 23. Bc1 {[%clk 00:19:18]} {[%emt 00:07:36]} Ra5 {[%clk
00:43:42]} {[%emt 00:06:26]} 24. f4 {[%clk 00:15:28]} {[%emt 00:04:20]} O-O
{[%clk 00:43:28]} {[%emt 00:00:43]} 25. Rf2 {[%clk 00:12:20]} {[%emt 00:03:38]}
exf4 {[%clk 00:40:17]} {[%emt 00:03:42]} 26. Bxf4 {[%clk 00:09:15]} {[%emt
00:03:35]} f6 {[%clk 00:37:12]} {[%emt 00:03:34]} 27. Raf1 {[%clk 00:09:07]}
{[%emt 00:00:38]} Qc8 {[%clk 00:24:33]} {[%emt 00:13:09]} 28. gxf6 {[%clk
00:08:49]} {[%emt 00:00:48]} Nxf6 {[%clk 00:24:52]} {[%emt 00:00:12]} 29. Ng5
{[%clk 00:05:02]} {[%emt 00:04:17]} Ng4 {[%clk 00:22:57]} {[%emt 00:02:25]} 30.
Rg2 {[%clk 00:04:09]} {[%emt 00:01:22]} Bxg5 {[%clk 00:19:27]} {[%emt
00:04:00]} 31. Bxg5 {[%clk 00:04:38]} {[%emt 00:00:02]} Rxf1+ {[%clk 00:17:19]}
{[%emt 00:02:38]} 32. Qxf1 {[%clk 00:04:25]} {[%emt 00:00:42]} c4 {[%clk
00:15:20]} {[%emt 00:02:30]} 33. bxc4 {[%clk 00:02:42]} {[%emt 00:02:13]} Nxc4
{[%clk 00:15:18]} {[%emt 00:00:32]} 34. Qf4 {[%clk 00:02:14]} {[%emt 00:00:58]}
b3 {[%clk 00:14:07]} {[%emt 00:01:40]} 35. axb3 {[%clk 00:00:46]} {[%emt
00:01:59]} Ra1+ {[%clk 00:14:36]} 36. Nc1 {[%clk 00:01:10]} {[%emt 00:00:06]}
Nce3 {[%clk 00:15:01]} {[%emt 00:00:04]} 37. Rxg4 {[%clk 00:00:41]} {[%emt
00:01:00]} Qxc1+ {[%clk 00:14:46]} {[%emt 00:00:45]} 38. Kf2 {[%clk 00:00:47]}
{[%emt 00:00:23]} Qe1+ {[%clk 00:15:10]} {[%emt 00:00:07]} 39. Kf3 {[%clk
00:01:06]} {[%emt 00:00:10]} Nxg4 {[%clk 00:08:41]} {[%emt 00:06:59]} 40. Qxd6
{[%clk 00:01:30]} {[%emt 00:00:06]} Qf2+ {[%clk 00:08:46]} {[%emt 00:00:25]}
0-1

[Event "Elite Hotels Open 2025"]
[Site "Elite Stadshotellet, Växjö, Sweden"]
[Date "2025.02.09"]
[Round "8.1"]
[White "Trost, Edvin"]
[Black "Ernst, Thomas"]
[Result "1-0"]
[TimeControl "R1-4: 15 min + 5 sek, R5-8: 90 min + 30 sek"]
[WhiteTitle "IM"]
[BlackTitle "GM"]
[WhiteElo "2462"]
[BlackElo "2299"]

1. e4 {[%clk 01:30:52]} {[%emt 00:00:06]} e5 {[%clk 01:30:42]} {[%emt
00:00:18]} 2. Nf3 {[%clk 01:31:04]} {[%emt 00:00:19]} Nc6 {[%clk 01:31:05]}
{[%emt 00:00:06]} 3. Bb5 {[%clk 01:30:46]} {[%emt 00:00:48]} a6 {[%clk
01:31:23]} {[%emt 00:00:12]} 4. Ba4 {[%clk 01:31:12]} {[%emt 00:00:05]} Nf6
{[%clk 01:31:43]} {[%emt 00:00:10]} 5. O-O {[%clk 01:31:36]} {[%emt 00:00:06]}
Nxe4 {[%clk 01:31:59]} {[%emt 00:00:13]} 6. d4 {[%clk 01:32:01]} {[%emt
00:00:05]} b5 {[%clk 01:32:20]} {[%emt 00:00:09]} 7. Bb3 {[%clk 01:32:29]}
{[%emt 00:00:02]} d5 {[%clk 01:32:36]} {[%emt 00:00:14]} 8. dxe5 {[%clk
01:32:56]} {[%emt 00:00:04]} Be6 {[%clk 01:32:55]} {[%emt 00:00:10]} 9. c3
{[%clk 01:33:24]} {[%emt 00:00:03]} Bc5 {[%clk 01:32:26]} {[%emt 00:00:59]} 10.
Nbd2 {[%clk 01:32:34]} {[%emt 00:01:20]} O-O {[%clk 01:32:24]} {[%emt
00:00:31]} 11. Bc2 {[%clk 01:33:00]} {[%emt 00:00:05]} Bf5 {[%clk 01:30:21]}
{[%emt 00:02:32]} 12. Nb3 {[%clk 01:27:05]} {[%emt 00:06:26]} Bg6 {[%clk
01:30:17]} {[%emt 00:00:33]} 13. Nfd4 {[%clk 01:24:53]} {[%emt 00:02:43]} Bxd4
{[%clk 01:30:17]} {[%emt 00:00:30]} 14. Nxd4 {[%clk 01:21:06]} {[%emt
00:04:17]} Qd7 {[%clk 01:30:05]} {[%emt 00:00:41]} 15. Nxc6 {[%clk 00:51:02]}
{[%emt 00:30:34]} Qxc6 {[%clk 01:30:26]} {[%emt 00:00:09]} 16. Be3 {[%clk
00:51:23]} {[%emt 00:00:10]} Rfe8 {[%clk 01:12:15]} {[%emt 00:18:40]} 17. Bb3
{[%clk 00:39:55]} {[%emt 00:11:59]} Rad8 {[%clk 01:10:53]} {[%emt 00:01:51]} 18.
Qd4 {[%clk 00:32:07]} {[%emt 00:08:18]} Qe6 {[%clk 01:10:01]} {[%emt 00:01:22]}
19. f3 {[%clk 00:31:13]} {[%emt 00:01:25]} c5 {[%clk 01:07:54]} {[%emt
00:02:37]} 20. Qd1 {[%clk 00:30:30]} {[%emt 00:01:12]} c4 {[%clk 01:08:03]}
{[%emt 00:00:22]} 21. Bc2 {[%clk 00:30:06]} {[%emt 00:00:54]} Nf6 {[%clk
01:08:04]} {[%emt 00:00:29]} 22. Bd4 {[%clk 00:29:26]} {[%emt 00:01:09]} Nd7
{[%clk 01:05:07]} {[%emt 00:03:27]} 23. f4 {[%clk 00:29:51]} {[%emt 00:00:06]}
Bxc2 {[%clk 01:03:38]} {[%emt 00:01:59]} 24. Qxc2 {[%clk 00:30:17]} {[%emt
00:00:04]} f5 {[%clk 01:03:31]} {[%emt 00:00:36]} 25. Rad1 {[%clk 00:26:45]}
{[%emt 00:04:04]} Rc8 {[%clk 00:57:31]} {[%emt 00:06:29]} 26. Qf2 {[%clk
00:21:51]} {[%emt 00:05:23]} Rc6 {[%clk 00:57:27]} {[%emt 00:00:33]} 27. Rd2
{[%clk 00:21:38]} {[%emt 00:00:45]} Rec8 {[%clk 00:57:06]} {[%emt 00:00:51]} 28.
Rfd1 {[%clk 00:18:59]} {[%emt 00:03:09]} Nc5 {[%clk 00:57:02]} {[%emt
00:00:32]} 29. Bxc5 {[%clk 00:19:24]} {[%emt 00:00:07]} Rxc5 {[%clk 00:57:25]}
{[%emt 00:00:06]} 30. h3 {[%clk 00:19:26]} {[%emt 00:00:28]} g6 {[%clk
00:48:43]} {[%emt 00:09:12]} 31. Kh2 {[%clk 00:14:03]} {[%emt 00:05:54]} Kg7
{[%clk 00:48:08]} {[%emt 00:01:04]} 32. b4 {[%clk 00:13:50]} {[%emt 00:00:44]}
cxb3 {[%clk 00:48:00]} {[%emt 00:00:37]} 33. axb3 {[%clk 00:14:16]} {[%emt
00:00:04]} Rxc3 {[%clk 00:41:41]} {[%emt 00:06:50]} 34. Rxd5 {[%clk 00:14:41]}
{[%emt 00:00:05]} g5 {[%clk 00:41:39]} {[%emt 00:00:32]} 35. Rd7+ {[%clk
00:13:06]} {[%emt 00:02:05]} Kh8 {[%clk 00:41:37]} {[%emt 00:00:32]} 36. Rd8+
{[%clk 00:13:12]} {[%emt 00:00:24]} Rxd8 {[%clk 00:41:32]} {[%emt 00:00:35]} 37.
Rxd8+ {[%clk 00:13:38]} {[%emt 00:00:05]} Kg7 {[%clk 00:41:56]} {[%emt
00:00:04]} 38. Qa7+ {[%clk 00:14:04]} {[%emt 00:00:05]} 1-0